000 00969nam a2200289Ia 4500
003 OSt
005 20221007121820.0
006 a|||||r|||| 00| 0
007 ta
008 221006b |||||||| |||| 00| 0 eng d
020 _a8171335810 (pbk)
_cRs. 175.00
024 _a9716
037 _bN R Book,
_cTextual
040 _aBDL
_cBDL
_beng
041 _2eng
_aeng
082 _aG:5, N7;1-;2
100 _aSharma P D
245 0 _aEcology and environment by P D Sharma
250 _aEd 7
260 _aMeerut
_bRastogi Publications
_c1997
300 _a660p
_ccm.
500 _aAppendix 603-645p; Glossary 647-653p; Index 657-660p; ^n23/CSL/CARB/2002-2003/462^d2002-11-09^mPurchase; ; 2002-03/435^b2002-11-13^c126/02^d2002-11-13^eRs.1,548.00^fN R Book Distributors; ; 2002-11-20^bSB^c2002-11-25^dRPS
650 _a Ecology
650 _aBiology
942 _hG:5, N7;1-;2
_cTEXL
_2CC
999 _c1209387
_d1209387